000 00720cam a2200229 4500
008 090401t1997 xxu||||| |||| 00| 0 eng d
020 _a0113220650
035 _a(Sirsi) u98648
041 _aeng
110 _aNHS Estates
_92893
245 _aConcode : guide to the engineering and construction contract.
260 _aLondon
_bStationery Office
_c1997
300 _a57p. ; 30cm.
350 _a45
520 _aForms part of the CONCODE set of documents. Filed in CONCODE Volume 2.
650 _aBUILT ENVIRONMENT-BUILDING CONTRACT FORMS
650 _aCONCODE
650 _aENGINEERING AND CONSTRUCTION CONTRACT
690 _aBUILT ENVIRONMENT-BUILDING CONTRACT FORMS
942 _n0
948 _c06/10/1997
999 _c99198
_d99198